[Event "HUN-chT2 Erkel 1314"]
[Site "Hungary"]
[Date "2013.10.20"]
[Round "3.8"]
[White "Papp, Antal"]
[Black "Gorcsi, Gabor"]
[Result "0-1"]
[WhiteElo "2073"]
[BlackElo "1938"]
[PlyCount "53"]
[EventDate "2013.09.08"]
[EventType "team-tourn"]
[EventRounds "11"]
[EventCountry "HUN"]
[SourceTitle "EXT 2016"]
[Source "ChessBase"]
[SourceDate "2015.10.08"]
[SourceVersion "1"]
[SourceVersionDate "2015.10.08"]
[SourceQuality "1"]
[WhiteTeam "Budapest Honved"]
[BlackTeam "Paszto"]
[WhiteTeamCountry "HUN"]
[BlackTeamCountry "HUN"]

1. d4 Nf6 2. Nf3 g6 3. g3 Bg7 4. Bg2 0-0 5. 0-0 d6 6. c4 Nbd7 7. Nc3 c6 8. e4 e5 9. h3 Qe7 10. Be3 Re8 11. Re1 exd4 12. Nxd4 Nc5 13. f3 a5 14. b3 h6 15. Qd2 Kh7 16. Rac1 Nfd7 17. Rcd1 Ne5 18. Qc2 f6 19. Bf2 Nf7 20. f4 Qc7 21. Nf3 Na6 22. Bd4 Nb4 23. Qd2 Rd8 24. Na4 c5 25. Bc3 Bd7 26. Nb2 Nxa2 27. Bxa5 0-1

[Event "Budapest-chT1 Lilienthal 1112"]
[Site "Budapest"]
[Date "2011.11.20"]
[Round "3"]
[White "Papp, Antal"]
[Black "Vargyas, Zoltan"]
[Result "1/2-1/2"]
[WhiteElo "2092"]
[BlackElo "2102"]
[PlyCount "68"]
[EventDate "2011.10.02"]
[EventType "team-tourn"]
[EventRounds "11"]
[EventCountry "HUN"]
[SourceTitle "EXT 2020"]
[Source "ChessBase"]
[SourceDate "2019.10.17"]
[SourceVersion "1"]
[SourceVersionDate "2019.10.17"]
[SourceQuality "1"]
[WhiteTeam "Budapest Honved III"]
[BlackTeam "Budapest Ujpest KSE"]
[WhiteTeamCountry "HUN"]
[BlackTeamCountry "HUN"]

1. d4 Nf6 2. Nf3 e6 3. g3 c5 4. Bg2 Nc6 5. 0-0 Be7 6. c4 cxd4 7. Nxd4 0-0 8. Nc3 a6 9. b3 Qc7 10. Bb2 b6 11. e4 Bb7 12. Rc1 d6 13. Nc2 Rac8 14. Ne3 Ne5 15. Qe2 Qb8 16. Rfd1 Rfe8 17. Ba3 Ned7 18. f3 Bf8 19. Bb2 Qa8 20. Na4 Bc6 21. Nc3 d5 22. cxd5 exd5 23. Ncxd5 Nxd5 24. Nxd5 Bc5+ 25. Rxc5 bxc5 26. Qc4 Bb5 27. Qc3 f6 28. Bh3 Ne5 29. f4 Nc6 30. Nxf6+ gxf6 31. Qxf6 Nd4 32. Rxd4 cxd4 33. Bxd4 Rc1+ 34. Kf2 Rc2+ 1/2-1/2